El libro de arena
Shranjeno v:
| Glavni avtor: | |
|---|---|
| Format: | Knjiga |
| Jezik: | Undetermined |
| Izdano: |
Madrid, España
Editorial Alianza
2000
|
| Teme: | |
| Oznake: |
Označite
Brez oznak, prvi označite!
|
MARC
| LEADER | 00000nam a2200000Ia 4500 | ||
|---|---|---|---|
| 008 | 170316s9999 xx 000 0 und d | ||
| 040 | |a cru BVZT | ||
| 090 | |a 860 B-32Li | ||
| 100 | |a Borges, Jorge Luis |9 1174 | ||
| 245 | |a El libro de arena |c / Jorge Luis Borges | ||
| 260 | |a Madrid, España |b Editorial Alianza |c 2000 | ||
| 300 | |a 143 páginas | ||
| 650 | |a LITERATURA LATINOAMERICANA |9 15 | ||
| 650 | |a ULRICA |9 1219 | ||
| 650 | |a EL CONGRESO |9 1220 | ||
| 650 | |a THERE ARE MORE THINGS |9 1221 | ||
| 650 | |a LA SECTA DE LOS TREINTA |9 1222 | ||
| 650 | |a LA NOCHE DE LOS DONES |9 1223 | ||
| 650 | |a EL ESPEJO Y LA MASCARA UNDR |9 1224 | ||
| 650 | |a UTOPÍA DE UN HOMBRE QUE ESTA CANSADO |9 1225 | ||
| 650 | |a EL SOBORNO |9 1226 | ||
| 650 | |a AVELINO ARREDONDO |9 1227 | ||
| 650 | |a EL DISCO |9 1228 | ||
| 650 | |a EL LIBRO DE ARENA |9 1229 | ||
| 999 | |c 8437 |d 8437 | ||
| 942 | |c 4 D |h 860 B-32Li |2 z | ||
